Most Common Girls Names in Britain 2013 - Statistics

General Stats
  • This quiz has been taken 1,318 times
  • The average score is 25 of 50
Answer Stats
First Letter Hint Answer % Correct
O Olivia
94%
E Emily
83%
E Emma
79%
I Isabella
79%
I Isabelle
79%
S Sophia
77%
S Sophie
77%
L Lily
73%
A Anna
70%
E Elizabeth
69%
H Hannah
69%
E Ellie
65%
Z Zoe
65%
C Charlotte
64%
J Jessica
62%
A Amy
61%
E Ella
59%
C Chloe
58%
G Grace
57%
A Amelia
56%
L Lucy
56%
M Molly
56%
A Alice
55%
A Ava
55%
E Evie
55%
I Isla
53%
M Mia
51%
A Abigail
49%
P Poppy
49%
E Eva
46%
H Holly
46%
D Daisy
45%
M Megan
44%
M Millie
42%
F Freya
39%
R Ruby
39%
I Imogen
31%
E Elsie
30%
P Phoebe
30%
E Erin
29%
S Scarlett
29%
M Maisie
28%
M Maya
25%
A Annabelle
23%
L Layla
22%
S Sienna
22%
M Matilda
19%
A Amelie
16%
D Darcy
13%
S Summer
13%
No matching quizzes found
Score Distribution
Percent of People with Each Score
Percentile by Number Answered
Your Score History
You have not taken this quiz